<?xml version="1.0" encoding="UTF-8"?>
<collection xmlns="http://www.loc.gov/MARC21/slim">
<record>
  <controlfield tag="001">168260</controlfield>
  <controlfield tag="005">20260130124312.0</controlfield>
  <datafield tag="024" ind1="7" ind2=" ">
    <subfield code="2">doi</subfield>
    <subfield code="a">10.32598/RJ.25.4.3883.1</subfield>
  </datafield>
  <datafield tag="024" ind1="8" ind2=" ">
    <subfield code="2">sideral</subfield>
    <subfield code="a">147758</subfield>
  </datafield>
  <datafield tag="037" ind1=" " ind2=" ">
    <subfield code="a">ART-2025-147758</subfield>
  </datafield>
  <datafield tag="041" ind1=" " ind2=" ">
    <subfield code="a">eng</subfield>
  </datafield>
  <datafield tag="100" ind1=" " ind2=" ">
    <subfield code="a">Gallego-Pen~alver, Francisco José</subfield>
  </datafield>
  <datafield tag="245" ind1=" " ind2=" ">
    <subfield code="a">Unilateral Psoas Muscle Atrophy as a Possible Risk Factor for Low Back Pain After Total Hip Arthroplasty: A Case Report</subfield>
  </datafield>
  <datafield tag="260" ind1=" " ind2=" ">
    <subfield code="c">2025</subfield>
  </datafield>
  <datafield tag="520" ind1="3" ind2=" ">
    <subfield code="a">Introduction The psoas muscle plays an essential role in the hip and lumbar spine. Total hip arthroplasty surgery can change the ipsilateral psoas muscle, which may affect lumbar biomechanics and accelerate disk degeneration. We present a clinical study that suggests a potential association between unilateral psoas muscle atrophy after hip replacement surgery and subsequent low back pain
Case description A 53-year-old man with a history of right total hip arthroplasty for osteoarthritis presented with left lumbosciatalgia 6 years after surgery. In the physical examination, the patient exhibited weakness 2/5 in Kendall’s muscle grading system in the right hip flexion and left extensor hallucis longus and triceps surae. Magnetic resonance imaging revealed a degenerative disk L5-S1 and severe unilateral atrophy of the right psoas muscle. Conservative treatment through physiotherapy was initiated, but persistent pain ultimately necessitated microdiscectomy at the L5–S1 level.
Conclusion Total hip arthroplasty surgery may lead to long-term unilateral atrophy of the ipsilateral psoas muscle and alter lumbar biomechanics, potentially accelerating the disk degeneration and subsequent low back pain. Investigating this possible correlation may offer greater clarity regarding low back pain after total hip arthroplasty. In our case, conservative treatment through 15 sessions of physical therapy resulted in very limited improvement, and advanced diskopathy required surgical intervention to decompress the affected lumbar root.</subfield>
  </datafield>
  <datafield tag="506" ind1="0" ind2=" ">
    <subfield code="a">Access copy available to the general public</subfield>
    <subfield code="f">Unrestricted</subfield>
  </datafield>
  <datafield tag="540" ind1=" " ind2=" ">
    <subfield code="9">info:eu-repo/semantics/openAccess</subfield>
    <subfield code="a">by-nc</subfield>
    <subfield code="u">https://creativecommons.org/licenses/by-nc/4.0/deed.es</subfield>
  </datafield>
  <datafield tag="655" ind1=" " ind2="4">
    <subfield code="a">info:eu-repo/semantics/article</subfield>
    <subfield code="v">info:eu-repo/semantics/publishedVersion</subfield>
  </datafield>
  <datafield tag="700" ind1=" " ind2=" ">
    <subfield code="a">Cía-Blasco, Pedro</subfield>
  </datafield>
  <datafield tag="700" ind1=" " ind2=" ">
    <subfield code="a">Gómez-Trullén, Eva María</subfield>
    <subfield code="u">Universidad de Zaragoza</subfield>
    <subfield code="0">(orcid)0000-0002-7876-4735</subfield>
  </datafield>
  <datafield tag="710" ind1="2" ind2=" ">
    <subfield code="1">1006</subfield>
    <subfield code="2">245</subfield>
    <subfield code="a">Universidad de Zaragoza</subfield>
    <subfield code="b">Dpto. Fisiatría y Enfermería</subfield>
    <subfield code="c">Área Educación Física y Depor.</subfield>
  </datafield>
  <datafield tag="773" ind1=" " ind2=" ">
    <subfield code="g">25, 4 (2025), 890-905</subfield>
    <subfield code="t">Archives of Rehabilitation</subfield>
    <subfield code="x">2538-6247</subfield>
  </datafield>
  <datafield tag="856" ind1="4" ind2=" ">
    <subfield code="s">2284467</subfield>
    <subfield code="u">http://zaguan.unizar.es/record/168260/files/texto_completo.pdf</subfield>
    <subfield code="y">Versión publicada</subfield>
  </datafield>
  <datafield tag="856" ind1="4" ind2=" ">
    <subfield code="s">1807309</subfield>
    <subfield code="u">http://zaguan.unizar.es/record/168260/files/texto_completo.jpg?subformat=icon</subfield>
    <subfield code="x">icon</subfield>
    <subfield code="y">Versión publicada</subfield>
  </datafield>
  <datafield tag="909" ind1="C" ind2="O">
    <subfield code="o">oai:zaguan.unizar.es:168260</subfield>
    <subfield code="p">articulos</subfield>
    <subfield code="p">driver</subfield>
  </datafield>
  <datafield tag="951" ind1=" " ind2=" ">
    <subfield code="a">2026-01-30-12:20:59</subfield>
  </datafield>
  <datafield tag="980" ind1=" " ind2=" ">
    <subfield code="a">ARTICLE</subfield>
  </datafield>
</record>
</collection>